000 00282nam a22001097a 4500
082 _a629.2 MOT'A
100 _aAVTOEXPORT
_976678
245 _aMOTOR VEHICLES A3-69M, TA3-69 AM, YA3-450, YA3-450A AND YA3-450-1
260 _aMOSCOW
_bARTOEXPORT
_c1960
300 _a461P
942 _cBK
999 _c582030
_d582030